| 000 | 00653nam a2200217 4500 | ||
|---|---|---|---|
| 003 | LK-CoMWRAF | ||
| 005 | 20231203181957.0 | ||
| 008 | 231203b2009 |||||||| |||| 00| 0 eng d | ||
| 020 | _a9551772407 | ||
| 040 |
_aLK-CoMWRAF _dLK-CoMWRAF _eLK-CoMWRAF |
||
| 041 | _aeng | ||
| 082 |
_a303.485 _bLEI |
||
| 100 | _aLeitan, Tressie | ||
| 245 | _aWomen local government & the tsunami | ||
| 260 |
_aColombo : _bSocial Scientists' Association, _c2009 |
||
| 300 | _a17 p. : map ; 23 cm. | ||
| 650 | _aNatural disasters -- Sri Lanka | ||
| 650 | _aDisaster relief -- Sri Lanka | ||
| 650 | _aWomen local officials and employees -- Sri Lanka | ||
| 942 | _cBK | ||
| 999 |
_c4289 _d4289 |
||